| 000 | 00679nam a2200193Ia 4500 | ||
|---|---|---|---|
| 005 | 20250507130157.0 | ||
| 008 | 008 250505s9999 xx 000 0 eng d | ||
| 037 | _aSeries Article | ||
| 040 |
_aEASL _beng _cEASL |
||
| 041 |
_aeng _2eng |
||
| 084 | _qEASL | ||
| 245 | 0 | _aNot all currency traders believe in unfettered free markets : Currency speculation and market intervention in Hong Kong Leong H. Liew and Harry X. Wu | |
| 260 |
_aUK _bLondon School of Oriental & African Studies UK _c2002 |
||
| 300 | _a441-458 | ||
| 546 | _aChina's workers : Reform, resistance and reticence | ||
| 650 | _aChina - Workers | ||
| 942 | _cSRA | ||
| 999 |
_c1318134 _d1318134 |
||